[Event "Vojvodina-chT2"]
[Site "Vrbas"]
[Date "2011.09.30"]
[Round "9"]
[White "Zivkovic, Negosim"]
[Black "Bokan, Danko"]
[Result "1-0"]
[WhiteElo "2248"]
[BlackElo "2227"]
[PlyCount "91"]
[EventDate "2011.09.25"]
[EventType "team-tourn"]
[EventRounds "11"]
[EventCountry "SRB"]
[SourceTitle "CBM 144 Extra"]
[Source "ChessBase"]
[SourceDate "2011.10.28"]
[SourceVersion "1"]
[SourceVersionDate "2011.10.28"]
[SourceQuality "1"]

1. e4 e5 2. Nf3 Nc6 3. Bb5 f5 4. d3 fxe4 5. dxe4 Bb4+ 6. c3 Bc5 7. Bg5 Nf6 8. 0-0 d6 9. h3 0-0 10. Bc4+ Kh8 11. Nbd2 Qe8 12. b4 Bb6 13. a4 a5 14. b5 Nd8 15. Qe2 Qg6 16. Kh2 Ne6 17. Bxe6 Bxe6 18. Be3 Nh5 19. g3 Bxe3 20. Qxe3 Rf6 21. Nh4 Qe8 22. Ng2 Rh6 23. Nh4 Qd7 24. Ndf3 Bxh3 25. Rh1 Bg4 26. Kg2 Rf8 27. Ng5 Qe7 28. f3 Nf4+ 29. gxf4 exf4 30. Qf2 Bd7 31. Nxh7 Kxh7 32. Rag1 Be6 33. Kf1 Rh8 34. Ng6 Bc4+ 35. Ke1 Qf6 36. Rxh6+ gxh6 37. Nxh8 Qxc3+ 38. Qd2 Qxf3 39. Ng6 Qxe4+ 40. Kf2 Qf5 41. Qd4 Qc2+ 42. Kf3 Be2+ 43. Kxf4 Bg4 44. Nf8+ Kg8 45. Rxg4+ Kxf8 46. Qf6+ 1-0

[Event "Vojvodina-chT2"]
[Site "Vrbas"]
[Date "2011.09.27"]
[Round "4"]
[White "Besedes, Danilo"]
[Black "Zivkovic, Negosim"]
[Result "0-1"]
[WhiteElo "1801"]
[BlackElo "2248"]
[PlyCount "94"]
[EventDate "2011.09.25"]
[EventType "team-tourn"]
[EventRounds "11"]
[EventCountry "SRB"]
[SourceTitle "CBM 144 Extra"]
[Source "ChessBase"]
[SourceDate "2011.10.28"]
[SourceVersion "1"]
[SourceVersionDate "2011.10.28"]
[SourceQuality "1"]

1. e4 c5 2. Nf3 d6 3. d4 cxd4 4. Nxd4 Nf6 5. Nc3 g6 6. Be3 Bg7 7. f3 Nc6 8. Bc4 Bd7 9. Qd2 Rc8 10. Bb3 Ne5 11. 0-0-0 Nc4 12. Bxc4 Rxc4 13. g4 h5 14. g5 Nh7 15. f4 0-0 16. e5 Bg4 17. Nde2 Qa5 18. exd6 exd6 19. Qd5 Qxd5 20. Rxd5 Bf3 21. Rhd1 Re8 22. R5d3 Bxc3 23. Nxc3 Bxd1 24. Kxd1 a6 25. Kd2 Nf8 26. Rxd6 Ne6 27. Nd5 Kf8 28. b3 Rcc8 29. Bb6 Rc6 30. Rxc6 bxc6 31. Nc7 Nxc7 32. Bxc7 Ke7 33. c4 Ke6 34. h3 Kf5 35. b4 Ke4 36. Be5 Rd8+ 37. Kc2 Rd3 38. a4 Ra3 39. Bb2 Rxh3 40. b5 cxb5 41. cxb5 axb5 42. axb5 Kd5 43. b6 Rh2+ 44. Kb3 Rxb2+ 45. Kxb2 Kc6 46. Kc2 h4 47. b7 Kxb7 0-1

[Event "Vojvodina-chT2"]
[Site "Vrbas"]
[Date "2011.09.26"]
[Round "2"]
[White "Zobenica, Ivan"]
[Black "Zivkovic, Negosim"]
[Result "1-0"]
[WhiteElo "2034"]
[BlackElo "2248"]
[PlyCount "123"]
[EventDate "2011.09.25"]
[EventType "team-tourn"]
[EventRounds "11"]
[EventCountry "SRB"]
[SourceTitle "CBM 144 Extra"]
[Source "ChessBase"]
[SourceDate "2011.10.28"]
[SourceVersion "1"]
[SourceVersionDate "2011.10.28"]
[SourceQuality "1"]

1. e4 c5 2. Nf3 d6 3. d4 cxd4 4. Nxd4 Nf6 5. Nc3 g6 6. Be2 Bg7 7. Be3 Nc6 8. 0-0 0-0 9. h3 Bd7 10. Rb1 a6 11. a4 Rc8 12. Nxc6 Bxc6 13. f3 Qc7 14. Bd4 Rfd8 15. Qe1 e5 16. Bf2 d5 17. exd5 Nxd5 18. Nxd5 Bxd5 19. c4 Be6 20. a5 Qc6 21. b4 Bxc4 22. Bxc4 Qxc4 23. Bb6 Re8 24. Qd2 Bf8 25. Rfd1 Qb5 26. Qd7 Qe2 27. Rd2 Qc4 28. Qxb7 Bxb4 29. Rd7 Bf8 30. Rbd1 Bh6 31. h4 Bf4 32. Bf2 Rb8 33. Qa7 h5 34. g3 Bh6 35. R1d5 Rb1+ 36. Rd1 Rxd1+ 37. Rxd1 Qe2 38. Qd7 Rb8 39. Qd3 Qxd3 40. Rxd3 Rb5 41. Bb6 Bf8 42. Rd8 Kg7 43. Ra8 Bc5+ 44. Bxc5 Rxc5 45. Rxa6 Rc2 46. Rb6 Ra2 47. a6 Kf8 48. Kf1 Kg7 49. Ke1 Kf8 50. Kd1 Ke8 51. Kc1 Kd8 52. Kb1 Ra5 53. Kc2 Kc7 54. Rf6 Kb8 55. Kd3 Ra4 56. Rxf7 Rxa6 57. Ke4 Kc8 58. Kxe5 Kd8 59. Rf6 Ra5+ 60. Kf4 Ra4+ 61. Kg5 Ra1 62. Rxg6 1-0

[Event "Vojvodina-chT 2nd League"]
[Site "Sombor"]
[Date "2010.10.13"]
[Round "5"]
[White "Mijatovic, Dejan"]
[Black "Zivkovic, Negosim"]
[Result "1/2-1/2"]
[WhiteElo "2284"]
[BlackElo "2237"]
[PlyCount "45"]
[EventDate "2010.10.10"]
[EventType "team-tourn"]
[EventRounds "9"]
[EventCountry "YUG"]
[SourceTitle "CBM 138 Extra"]
[Source "ChessBase"]
[SourceDate "2010.10.29"]
[SourceVersion "1"]
[SourceVersionDate "2010.10.29"]
[SourceQuality "1"]

1. d4 Nf6 2. c4 g6 3. Nc3 d5 4. e3 Bg7 5. Nf3 0-0 6. b4 a5 7. b5 c5 8. Qb3 cxd4 9. exd4 dxc4 10. Bxc4 Nbd7 11. Na4 Ne4 12. Ba3 Nd6 13. 0-0 Nb6 14. Nxb6 Qxb6 15. Bc5 Qd8 16. b6 Nxc4 17. Qxc4 Be6 18. Qa4 Bd5 19. Qa3 Re8 20. Rad1 e6 21. Rc1 Qf6 22. Rc3 Qf4 23. Rd1 1/2-1/2

[Event "Vojvodina-chT 2nd League"]
[Site "Sombor"]
[Date "2010.10.13"]
[Round "4"]
[White "Zivkovic, Negosim"]
[Black "Strangar, Zlatko"]
[Result "1-0"]
[WhiteElo "2237"]
[BlackElo "2204"]
[PlyCount "120"]
[EventDate "2010.10.10"]
[EventType "team-tourn"]
[EventRounds "9"]
[EventCountry "YUG"]
[SourceTitle "CBM 138 Extra"]
[Source "ChessBase"]
[SourceDate "2010.10.29"]
[SourceVersion "1"]
[SourceVersionDate "2010.10.29"]
[SourceQuality "1"]

1. e4 e6 2. d4 d5 3. Nd2 Nf6 4. e5 Nfd7 5. Bd3 c5 6. c3 Nc6 7. Ne2 cxd4 8. cxd4 f6 9. exf6 Nxf6 10. 0-0 Bd6 11. Nf3 Qc7 12. Ng3 0-0 13. Re1 Bd7 14. Bd2 Rae8 15. Rc1 Qb8 16. Bb1 e5 17. dxe5 Nxe5 18. Nxe5 Rxe5 19. Rxe5 Bxe5 20. Bc3 Bc6 21. Qd3 Bxc3 22. Qxc3 Qf4 23. Nf5 d4 24. Qc4+ Bd5 25. Ne7+ Kh8 26. Nxd5 Nxd5 27. Rf1 Qe5 28. Qd3 g6 29. Rd1 Nf4 30. Qe4 Qf6 31. f3 b5 32. g3 Ne6 33. Kf2 Rd8 34. Re1 Ng7 35. Bd3 a6 36. Qe7 Qxe7 37. Rxe7 Kg8 38. Ra7 Rd6 39. Ke2 Ne6 40. b4 Ng5 41. f4 Re6+ 42. Kf2 Nf7 43. Bc2 Nd6 44. Bb3 Nc4 45. Rd7 Re4 46. Bc2 Re3 47. Rxd4 Rc3 48. Bb3 Kg7 49. Bxc4 bxc4 50. a4 Kf7 51. Ke2 Rc2+ 52. Rd2 Rc3 53. Rb2 Ra3 54. b5 Rxa4 55. b6 c3 56. b7 cxb2 57. b8Q Re4+ 58. Kf3 Re6 59. Qxb2 Kg8 60. g4 Rd6 1-0

[Event "Vojvodina-chT"]
[Site "Sombor"]
[Date "2009.10.01"]
[Round "7"]
[White "Zivkovic, Negosim"]
[Black "Subotic, Srbislav"]
[Result "1-0"]
[WhiteElo "2240"]
[BlackElo "2105"]
[PlyCount "145"]
[EventDate "2009.09.27"]
[EventType "team-swiss"]
[EventRounds "11"]
[EventCountry "YUG"]
[SourceTitle "EXT 2012"]
[Source "ChessBase"]
[SourceDate "2011.11.24"]
[SourceVersion "1"]
[SourceVersionDate "2011.11.24"]
[SourceQuality "1"]

1. e4 e6 2. d4 d5 3. Nd2 dxe4 4. Nxe4 Nf6 5. Nxf6+ Qxf6 6. Nf3 h6 7. Bd3 Bd7 8. Ne5 Bd6 9. Qe2 Bxe5 10. dxe5 Qe7 11. Bd2 Bc6 12. 0-0-0 Nd7 13. f4 0-0-0 14. Be3 Nb6 15. Qf2 g6 16. Bc5 Qe8 17. Rd2 Bb5 18. Rhd1 Qc6 19. Be7 Rxd3 20. Rxd3 Bxd3 21. Rxd3 Kb8 22. Bc5 Nc8 23. b3 b6 24. Ba3 a6 25. Qd2 Na7 26. Kb2 Kc8 27. Be7 a5 28. a4 Re8 29. Bd6 cxd6 30. Rc3 d5 31. Qf2 Kb7 32. Rxc6 Nxc6 33. Qh4 h5 34. Qf6 Re7 35. c3 Rd7 36. Qh8 d4 37. Qe8 Kc7 38. cxd4 Nxd4 39. g3 Nc6 40. Kc3 Nb4 41. Kc4 Kc6 42. h3 Nd5 43. Qa8+ Rb7 44. Kd4 Nb4 45. Ke4 Nd5 46. g4 hxg4 47. hxg4 Nc3+ 48. Kd4 Ne2+ 49. Ke3 Nc3 50. f5 gxf5 51. gxf5 exf5 52. Kf4 Ne4 53. Qa6 Rd7 54. Kxf5 Nc5 55. Qb5+ Kc7 56. b4 Nb7 57. Qc4+ Kb8 58. Qc6 Rc7 59. Qxb6 axb4 60. a5 Rd7 61. a6 Ka8 62. Qxb4 Nd8 63. Qb6 Rd1 64. Kf4 Rd7 65. Kf5 Rd1 66. Qc7 Rf1+ 67. Ke4 Re1+ 68. Kf3 Rd1 69. Ke2 Rd5 70. a7 Rb5 71. Qxd8+ Kxa7 72. Qd4+ Kb7 73. Ke3 1-0

[Event "Vojvodina-chT"]
[Site "Sombor"]
[Date "2008.10.08"]
[Round "11"]
[White "Dimitrijevic, Nenad"]
[Black "Zivkovic, Negosim"]
[Result "0-1"]
[WhiteElo "2151"]
[BlackElo "2237"]
[PlyCount "82"]
[EventDate "2008.10.01"]
[EventType "tourn"]
[EventRounds "11"]
[EventCountry "YUG"]
[SourceTitle "EXT 2010"]
[Source "ChessBase"]
[SourceDate "2010.11.25"]
[SourceVersion "1"]
[SourceVersionDate "2010.11.25"]
[SourceQuality "1"]

1. e4 c5 2. Nc3 Nc6 3. Nf3 g6 4. d4 cxd4 5. Nxd4 Bg7 6. Be3 d6 7. Qd2 Nf6 8. f3 0-0 9. 0-0-0 d5 10. Nxc6 bxc6 11. e5 Nd7 12. e6 fxe6 13. Bh6 Qc7 14. Bxg7 Kxg7 15. Re1 Nf6 16. g3 Rb8 17. f4 c5 18. Bh3 d4 19. Nd1 Rb6 20. Re5 Nd5 21. Rhe1 Rf6 22. a3 Qd6 23. Bg2 Nc7 24. Nf2 c4 25. c3 dxc3 26. Qxc3 Rb3 27. Qxc4 Qb6 28. Qc2 Ba6 29. Rd1 Rf8 30. Rd7 Rc8 31. Rxe7+ Kf8 32. Rxh7 Nd5 33. Qxc8+ Bxc8 34. Nd1 Rb5 35. Re1 Rc5+ 36. Nc3 Nf6 37. Rh4 Nd5 38. Bxd5 exd5 39. f5 Bxf5 40. Rb4 Rxc3+ 41. bxc3 Qf2 0-1

[Event "Vojvodina-chT"]
[Site "Sombor"]
[Date "2008.10.01"]
[Round "1"]
[White "Zivkovic, Negosim"]
[Black "Kolognat, Petar"]
[Result "1/2-1/2"]
[WhiteElo "2237"]
[BlackElo "2292"]
[PlyCount "25"]
[EventDate "2008.10.01"]
[EventType "tourn"]
[EventRounds "11"]
[EventCountry "YUG"]
[SourceTitle "EXT 2010"]
[Source "ChessBase"]
[SourceDate "2010.11.25"]
[SourceVersion "1"]
[SourceVersionDate "2010.11.25"]
[SourceQuality "1"]

1. e4 e6 2. d4 d5 3. Nd2 dxe4 4. Nxe4 Nd7 5. Nf3 Ngf6 6. Nxf6+ Nxf6 7. Bg5 Be7 8. Bd3 c5 9. 0-0 cxd4 10. Bb5+ Bd7 11. Bxd7+ Qxd7 12. Qxd4 Qxd4 13. Nxd4 1/2-1/2

[Event "Bajada de la Virgen op 3rd"]
[Site "Santa Cruz de La Palma"]
[Date "2005.06.14"]
[Round "2"]
[White "Vega Gutierrez, Belinda Vidina"]
[Black "Zivkovic, Negosim"]
[Result "1-0"]
[WhiteElo "2091"]
[BlackElo "2208"]
[PlyCount "57"]
[EventDate "2005.06.13"]
[EventType "swiss"]
[EventRounds "9"]
[EventCountry "ESP"]
[SourceTitle "CBM 106 Extra"]
[Source "ChessBase"]
[SourceDate "2005.07.01"]
[SourceVersion "1"]
[SourceVersionDate "2005.07.01"]
[SourceQuality "1"]

1. e4 c5 2. Nf3 d6 3. d4 cxd4 4. Nxd4 Nf6 5. Nc3 a6 6. f3 e6 7. Be3 Be7 8. Qd2 b5 9. g4 Bb7 10. 0-0-0 Nc6 11. h4 Rc8 12. Kb1 Ne5 13. Bd3 Nc4 14. Bxc4 Rxc4 15. h5 Nd7 16. g5 Ne5 17. g6 hxg6 18. f4 Ng4 19. hxg6 Bh4 20. f5 e5 21. gxf7+ Kxf7 22. Ne6 Qf6 23. Bg5 Bxg5 24. Nxg5+ Kg8 25. Nd5 Qf8 26. Ne6 Qf7 27. Qg5 Nh6 28. Qd8+ Kh7 29. Ng5# 1-0